Rozpoznaj język na podstawie tekstu pisanego - Statystyki

Ogólne statystyki
  • Ten quiz został rozwiązany 140 razy
  • Średni wynik to 8 z 19
Statystyki odpowiedzi
Tekst Język % Poprawnych
Les loups sont prêts à sévir. Croyant qu'un ange leur fait face francuski
81%
Ми з тобой любили пироги вишневі і висіли разом ми як вишні в небі ukraiński
77%
Hátra dőlsz, hagyod, hogy a gyűlölet a nyelvedet vezesse węgierski
70%
Tak prečo nie sme ako predtým. A ako sa vždy vrátiš ako hrom słowacki
63%
Hele gulvet er gået fra forstanden. La' os øve på hinanden duński
62%
Пламъкът вътре в мен се превърна в пожар bułgarski
59%
Takas sinne minne mä kuulun. Jos mä oon täysin rehellinen fiński
55%
Want het regent alle dagen en ik zie geen hand voor ogen niderlandzki
48%
ბავშვობაში ფიქრებს ისროდი ცაში იწილო ბიწილო gruziński
42%
Kas viņš ir, un kur tāds radies, tā ka visiem katliem vāks łotewski
41%
Kuule, mul siin kaks Soome pruuti. Kes on muidu täitsa toredad a eesti keelt ei puhu estoński
34%
Хөвчин дэлхийд нэрээ дуурсгах хүмүүн тахилгат mongolski
32%
Aparır hara məni? Xəyallar çəkir içinə, elə bil qara dəlik azerski
24%
Իմացեք, որ շատ մոծակներ տառապում են փքվածությունից ormiański
24%
Сыйламаушы едім мен раушан гүлін. Өзгеріп барады тіпті түрім kazachski
22%
மாணவர் நெஞ்சில் மேய்ந்த நிலாவோ tamilski
15%
Sumiorpalussutsit annerit assigiinngitsut pingasuupput tassaasullu Avanersuarmiutut grenlandzki
9%
Ýüpak ýol uzaýar Amul-Hazara. Sportuň sagdynlygyň belent owazy turkmeński
6%
مەن بوراننىڭ يىراقلىقىنى كۆردۈم بوران-چاپقۇندا ujgurski
2%
Nie znaleziono quizów pasujących do podanych kryteriów
Rozkład punktacji
Procent ludzi z każdym wynikiem
Percentyl według liczby udzielonych odpowiedzi
Twoja historia wyników
Nie rozwiązałeś tego quizu